Waalse gemeenten met de meeste inwoners - Statistieken

Algemene statistieken
  • Deze quiz is 290 keer genomen
    127 sinds de laatste reset
  • De gemiddelde score is 11 van 25
Antwoordstatistieken
Plaats Inwoners Stad % Correct
1 202.182 Charleroi
97%
2 196.970 Luik
97%
3 110.632 Namen
94%
4 94.964 Bergen
86%
18 29.274 Aarlen
74%
13 33.806 Waver
71%
6 69.471 Doornik
63%
9 55.177 Verviers
54%
7 64.172 Seraing
51%
5 80.430 La Louvière
49%
17 29.794 Waterloo
49%
19 28.951 Aat
40%
8 57.391 Moeskroen
40%
15 31.562 Ottignies-Louvain-la-Neuve
40%
21 28.027 Nijvel
37%
14 33.445 Binche
26%
11 39.617 Herstal
26%
20 28.159 Ans
20%
24 26.281 Andenne
14%
23 27.257 Zinnik
14%
12 36.463 Chatelet
11%
16 31.217 Courcelles
11%
10 39.785 Eigenbrakel
11%
25 26.058 Flémalle
11%
22 27.887 Sambreville
9%
Geen overeenkomende quizzen gevonden
Scoreverdeling
Procent van Mensen met Elke Score
Percentiel versus Aantal Correcte Antwoorden
Uw Scoregeschiedenis
U heeft deze quiz nog niet genomen sinds de laatste reset